00342nam a22001211a 4500082002200000100002300022245004300045260006400088300001000152650002200162650002300184650001300207 aM 494.8125bRAJ/V aRajaraja Varma A R aVruthamanjari/cby Rajaraja Varma A R. aKottayam:bSahitya Pravartaka Co-operative Society,c2009. a108p. aGrammar Malayalam aLanguage Malayalam aLanguage